[Event "Liga Madrileña - DH 2011-2012"]
[Site "Madrid ESP"]
[Date "2012.02.12"]
[Round "10.22"]
[White "Fernandez Garcia, Miguel Angel"]
[Black "Davicce Canada, Juan Antonio"]
[Result "1-0"]
[WhiteElo "2318"]
[BlackElo "2095"]
[PlyCount "115"]
[EventDate "2011.11.13"]
[EventType "team"]
[EventRounds "14"]
[EventCountry "ESP"]
[Source "lmi"]
[SourceDate "2011.11.13"]
[WhiteTeam "Amigos del Retiro"]
[BlackTeam "Leganes"]
[WhiteTeamCountry "ESP"]
[BlackTeamCountry "ESP"]

1. d4 Nf6 2. c4 e6 3. Nf3 d5 4. g3 dxc4 5. Qa4+ Nbd7 6. Qxc4 a6 7. Bg2 b5 8.
Qc6 Rb8 9. Bf4 Nd5 10. O-O Bb7 11. Qc2 Be7 12. Nc3 Nxf4 13. gxf4 O-O 14. Rfd1
Qc8 15. Rac1 c5 16. Qb1 c4 17. Ne5 Bxg2 18. Kxg2 Qb7+ 19. Qe4 Nxe5 20. fxe5 f6
21. Qxb7 Rxb7 22. exf6 Bxf6 23. Ne4 Rd7 24. e3 Rfd8 25. Nc5 Re7 26. Nxa6 Ra8
27. Nb4 Rf7 28. a3 Bh4 29. Rc2 Raf8 30. Rdd2 Rf5 31. Nc6 Rc8 32. Ne5 Bf6 33. f4
g5 34. Ng4 Kg7 35. Nxf6 Kxf6 36. fxg5+ Rxg5+ 37. Kf1 Rg4 38. Rf2+ Ke7 39. Ke2
Rd8 40. h3 Rh4 41. Rf3 Rd5 42. Rc1 Rdh5 43. a4 bxa4 44. Rxc4 Rxh3 45. Rxa4 Rh2+
46. Kd3 Rxb2 47. Ra7+ Kd6 48. Rff7 Rb6 49. Rac7 e5 50. Rfd7+ Ke6 51. d5+ Kf5
52. Rf7+ Kg4 53. Rg7+ Kh4 54. Rxh7 Rxh7 55. Rxh7+ Kg5 56. Ke4 Kg6 57. Rh3 Kf6
58. Rh6+ 1-0

[Event "Liga Madrileña - DH 2011-2012"]
[Site "Madrid ESP"]
[Date "2012.02.12"]
[Round "10.23"]
[White "Ballester de Miguel, Miguel Angel"]
[Black "Perez Gonzalez, Jose Manuel"]
[Result "0-1"]
[WhiteElo "2070"]
[BlackElo "2304"]
[PlyCount "68"]
[EventDate "2011.11.13"]
[EventType "team"]
[EventRounds "14"]
[EventCountry "ESP"]
[Source "lmi"]
[SourceDate "2011.11.13"]
[WhiteTeam "Leganes"]
[BlackTeam "Amigos del Retiro"]
[WhiteTeamCountry "ESP"]
[BlackTeamCountry "ESP"]

1. e4 c5 2. Nf3 d6 3. d4 cxd4 4. Nxd4 Nf6 5. Nc3 a6 6. Bc4 e6 7. Bb3 b5 8. O-O
Be7 9. f4 Bb7 10. Kh1 b4 11. e5 bxc3 12. exf6 Bxf6 13. bxc3 Qc7 14. Qe1 O-O 15.
Rb1 Nc6 16. Nf3 Na5 17. Bd2 Rab8 18. c4 Nxc4 19. Bc3 Bxc3 20. Qxc3 Bxf3 21.
Rxf3 Rfc8 22. Rg3 g6 23. Rd3 d5 24. f5 Nd6 25. Qf6 Nxf5 26. Rh3 Qe7 27. Qe5 Rb4
28. Qe2 Qb7 29. c3 Rh4 30. Rxh4 Nxh4 31. Qf2 Nf5 32. Qf3 Qc7 33. g4 Nd6 34. Rc1
d4 0-1

[Event "Liga Madrileña - DH 2011-2012"]
[Site "Madrid ESP"]
[Date "2012.02.12"]
[Round "10.24"]
[White "Sanchez Gonzalez, Sergio"]
[Black "Lopez de Turiso, Jose Angel"]
[Result "1/2-1/2"]
[WhiteElo "2286"]
[BlackElo "2065"]
[PlyCount "120"]
[EventDate "2011.11.13"]
[EventType "team"]
[EventRounds "14"]
[EventCountry "ESP"]
[Source "lmi"]
[SourceDate "2011.11.13"]
[WhiteTeam "Amigos del Retiro"]
[BlackTeam "Leganes"]
[WhiteTeamCountry "ESP"]
[BlackTeamCountry "ESP"]

1. c4 e5 2. Nc3 d6 3. e3 f5 4. d4 Nf6 5. g3 Be7 6. Bg2 c6 7. Nge2 O-O 8. b4 e4
9. Qb3 Be6 10. d5 cxd5 11. cxd5 Bf7 12. a4 Nc6 13. a5 Ne5 14. O-O Qc7 15. Nd4
g6 16. a6 bxa6 17. Ba3 Rfc8 18. Rfc1 Qc4 19. Qxc4 Nxc4 20. Nc6 Bf8 21. Bf1 Nxa3
22. Bxa6 Rc7 23. Rxa3 Nxd5 24. Nb5 Rd7 25. Nbd4 Bg7 26. Bb5 Rc7 27. Rb1 Bxd4
28. Nxd4 Nc3 29. Rba1 Nxb5 30. Nxb5 Rb7 31. Nxd6 Rxb4 32. Rxa7 Rb1+ 33. Rxb1
Rxa7 34. h4 h5 35. Rb2 Kg7 36. Kg2 Ra6 37. Rd2 Kf6 38. f3 exf3+ 39. Kxf3 Be6
40. Kf4 Ra4+ 41. Rd4 Ra1 42. Ne8+ Ke7 43. Nc7 Bf7 44. Nd5+ Bxd5 45. Rxd5 Ra4+
46. Rd4 Ra6 47. Kg5 Ra3 48. Kf4 Ke6 49. Rb4 Kf6 50. Rb6+ Kf7 51. Rd6 Rb3 52.
Rd4 Ra3 53. Rb4 Kf6 54. Rb6+ Kf7 55. Kg5 Rxe3 56. Rb7+ Ke6 57. Rb6+ Kf7 58.
Rf6+ Ke7 59. Rxg6 Rxg3+ 60. Kxf5 Rxg6 1/2-1/2

[Event "Liga Madrileña - DH 2011-2012"]
[Site "Madrid ESP"]
[Date "2012.02.12"]
[Round "10.25"]
[White "Nunez Gutierrez, Juan Carlos"]
[Black "Vallejo Diaz, Jesus"]
[Result "0-1"]
[WhiteElo "2049"]
[BlackElo "2258"]
[PlyCount "80"]
[EventDate "2011.11.13"]
[EventType "team"]
[EventRounds "14"]
[EventCountry "ESP"]
[Source "lmi"]
[SourceDate "2011.11.13"]
[WhiteTeam "Leganes"]
[BlackTeam "Amigos del Retiro"]
[WhiteTeamCountry "ESP"]
[BlackTeamCountry "ESP"]

1. e4 c5 2. Nf3 e6 3. d3 Nc6 4. c3 d5 5. Nbd2 Nge7 6. Be2 g6 7. h4 h5 8. Qc2
Bg7 9. Nb3 b6 10. Bg5 Bb7 11. Rd1 d4 12. O-O Rc8 13. Rfe1 Qd7 14. Nbd2 f6 15.
Bf4 e5 16. Bg3 Bh6 17. Rf1 O-O 18. Nh2 Qc7 19. f3 Kg7 20. Bf2 Rh8 21. g4 Bf4
22. Kg2 Rh7 23. Rh1 Rch8 24. Nhf1 Bc8 25. Ng3 Be6 26. a3 hxg4 27. fxg4 Qd7 28.
Bf3 Bxg4 29. Ne2 Bxf3+ 30. Kxf3 g5 31. Rdg1 Ng6 32. Ng3 Bxg3 33. Rxg3 Rxh4 34.
Rhg1 Nf4 35. c4 Rh2 36. Nf1 R2h3 37. Be1 Ne7 38. Bd2 Neg6 39. Kf2 Rh1 40. b4
Nh3+ 0-1

[Event "Liga Madrileña - DH 2011-2012"]
[Site "Madrid ESP"]
[Date "2012.02.12"]
[Round "10.26"]
[White "Paredes Sanchez, Juan"]
[Black "Pedrajas Estepa, Manuel"]
[Result "1-0"]
[WhiteElo "2206"]
[BlackElo "2044"]
[PlyCount "57"]
[EventDate "2011.11.13"]
[EventType "team"]
[EventRounds "14"]
[EventCountry "ESP"]
[Source "lmi"]
[SourceDate "2011.11.13"]
[WhiteTeam "Amigos del Retiro"]
[BlackTeam "Leganes"]
[WhiteTeamCountry "ESP"]
[BlackTeamCountry "ESP"]

1. Nc3 d5 2. e4 dxe4 3. Nxe4 Nf6 4. Nxf6+ exf6 5. d4 Bd6 6. Bd3 Nc6 7. c3 Qe7+
8. Ne2 Bg4 9. O-O O-O 10. Qc2 Bxe2 11. Bxe2 Rfe8 12. Bd3 g6 13. Bd2 f5 14. b4
Qh4 15. g3 Qh3 16. Rfe1 f4 17. Bf1 Qh5 18. Bg2 f3 19. Bh1 g5 20. Qf5 Qg6 21.
Qxg6+ hxg6 22. Bxg5 Bxb4 23. cxb4 Nxd4 24. Bf6 Nc2 25. Rxe8+ Rxe8 26. Rc1 Nxb4
27. Bxf3 c6 28. Rc4 a5 29. Rh4 1-0

[Event "Liga Madrileña - DH 2011-2012"]
[Site "Madrid ESP"]
[Date "2012.02.12"]
[Round "10.31"]
[White "Serrano Salvador, Eduardo"]
[Black "Alcazar Jimenez, Victor Manuel"]
[Result "1-0"]
[WhiteElo "2364"]
[BlackElo "2379"]
[PlyCount "70"]
[EventDate "2011.11.13"]
[EventType "team"]
[EventRounds "14"]
[EventCountry "ESP"]
[Source "lmi"]
[SourceDate "2011.11.13"]
[WhiteTeam "Moratalaz"]
[BlackTeam "Blanco y Negro"]
[WhiteTeamCountry "ESP"]
[BlackTeamCountry "ESP"]

1. d4 e6 2. c4 b6 3. Nf3 Nf6 4. a3 Bb7 5. Nc3 d5 6. cxd5 Nxd5 7. e3 Be7 8. Bb5+
c6 9. Bd3 Nd7 10. e4 Nxc3 11. bxc3 c5 12. O-O O-O 13. Bf4 g6 14. Qe2 Bf6 15.
Rab1 Qe7 16. a4 Bc6 17. Bb5 Rfc8 18. Rfd1 Bxb5 19. axb5 e5 20. dxe5 Nxe5 21.
Rd5 Nxf3+ 22. Qxf3 Bxc3 23. Bg5 f6 24. Qxc3 fxg5 25. Rbd1 Rf8 26. Rd7 Qf6 27.
Qd2 Rae8 28. f3 Re7 29. Qd5+ Kh8 30. Qb7 Ref7 31. h3 h5 32. Qc6 Qxc6 33. bxc6
Kg7 34. e5 Re8 35. c7 Rxd7 1-0

[Event "Liga Madrileña - DH 2011-2012"]
[Site "Madrid ESP"]
[Date "2012.02.12"]
[Round "10.33"]
[White "Solaesa Navalpotro, Luis Julio"]
[Black "Alcazar Jimenez, Jesus Alberto"]
[Result "1/2-1/2"]
[WhiteElo "2270"]
[BlackElo "2252"]
[PlyCount "111"]
[EventDate "2011.11.13"]
[EventType "team"]
[EventRounds "14"]
[EventCountry "ESP"]
[Source "lmi"]
[SourceDate "2011.11.13"]
[WhiteTeam "Moratalaz"]
[BlackTeam "Blanco y Negro"]
[WhiteTeamCountry "ESP"]
[BlackTeamCountry "ESP"]

1. d4 c5 2. d5 d6 3. e4 g6 4. c4 Nf6 5. Nc3 Bg7 6. Nf3 O-O 7. Bd3 Na6 8. O-O
Nc7 9. Re1 e5 10. dxe6 Nxe6 11. Bf1 Ng4 12. Nb5 Ne5 13. Nxd6 Nxf3+ 14. gxf3 Be5
15. Nxc8 Qh4 16. f4 Nxf4 17. Qf3 Raxc8 18. Bxf4 Bxf4 19. Bh3 Rce8 20. Rad1 Re5
21. Rd5 Rfe8 22. Kh1 f5 23. Rxe5 Rxe5 24. Re2 Rxe4 25. Rxe4 fxe4 26. Be6+ Kg7
27. Qg2 b6 28. Bd5 e3 29. fxe3 Bxe3 30. Qg3 Qxg3 31. hxg3 Bc1 32. b3 Kf6 33.
Kg2 Ke5 34. Kf3 Kd4 35. Bg8 h6 36. Bh7 g5 37. g4 Kc3 38. Ke4 Kb2 39. Kd3 Kxa2
40. Kc3 Bb2+ 41. Kc2 Be5 42. Bf5 Ka3 43. Be6 Kb4 44. Bf7 a6 45. Be8 b5 46. cxb5
axb5 47. Bf7 c4 48. bxc4 bxc4 49. Bg6 Kc5 50. Be8 Kd4 51. Bf7 c3 52. Bg6 Ke3
53. Be8 Kf3 54. Bh5 Bf6 55. Kd3 Kf2 56. Kc2 1/2-1/2

[Event "Liga Madrileña - DH 2011-2012"]
[Site "Madrid ESP"]
[Date "2012.02.12"]
[Round "10.34"]
[White "Rivas Vila, David"]
[Black "Rodriguez Yuste, Marcelo"]
[Result "0-1"]
[WhiteElo "2216"]
[BlackElo "2234"]
[PlyCount "110"]
[EventDate "2011.11.13"]
[EventType "team"]
[EventRounds "14"]
[EventCountry "ESP"]
[Source "lmi"]
[SourceDate "2011.11.13"]
[WhiteTeam "Blanco y Negro"]
[BlackTeam "Moratalaz"]
[WhiteTeamCountry "ESP"]
[BlackTeamCountry "ESP"]

1. e4 c5 2. Nc3 e6 3. Nge2 Nc6 4. g3 Nd4 5. Bg2 g6 6. O-O Bg7 7. d3 Ne7 8. Be3
O-O 9. Qd2 d6 10. Nd1 b6 11. h3 Ba6 12. g4 Rc8 13. Ng3 f5 14. c3 Ndc6 15. f4 d5
16. exf5 exf5 17. Bf2 Qd7 18. g5 Rce8 19. Re1 d4 20. c4 Nd8 21. Nf1 Qd6 22. Bg3
h6 23. h4 hxg5 24. hxg5 Bb7 25. Bxb7 Nxb7 26. Qg2 Qc6 27. Nf2 Qxg2+ 28. Kxg2
Nc6 29. a3 a5 30. b3 Kf7 31. Nh3 Nd6 32. Ng1 Rxe1 33. Bxe1 Ra8 34. a4 Ne8 35.
Rd1 Bf8 36. Nf3 Bd6 37. Bg3 Ng7 38. Ng1 Re8 39. Kf3 Nh5 40. Ne2 Nb4 41. Bf2 Nc2
42. Rd2 Nb4 43. Nh2 Nxd3 44. Nxd4 Nxf2 45. Nb5 Bxf4 46. Rxf2 Re3+ 47. Kg2 Bxh2
48. Kxh2 Rxb3 49. Rd2 f4 50. Kg2 Ke6 51. Rd6+ Kf5 52. Rxb6 Kxg5 53. Rc6 f3+ 54.
Kf2 Kf4 55. Rxc5 Rb2+ 0-1

[Event "Liga Madrileña - DH 2011-2012"]
[Site "Madrid ESP"]
[Date "2012.02.12"]
[Round "10.35"]
[White "Ramirez Garcia, Jorge Alberto"]
[Black "Rivas Vila, Manuel"]
[Result "0-1"]
[WhiteElo "2177"]
[BlackElo "2187"]
[PlyCount "102"]
[EventDate "2011.11.13"]
[EventType "team"]
[EventRounds "14"]
[EventCountry "ESP"]
[Source "lmi"]
[SourceDate "2011.11.13"]
[WhiteTeam "Moratalaz"]
[BlackTeam "Blanco y Negro"]
[WhiteTeamCountry "ESP"]
[BlackTeamCountry "ESP"]

1. e4 c5 2. c3 d5 3. exd5 Qxd5 4. d4 Nc6 5. dxc5 Qxd1+ 6. Kxd1 a5 7. Bb5 e5 8.
Bxc6+ bxc6 9. b4 Be6 10. a3 Nf6 11. Ne2 Ng4 12. Ke1 g6 13. Nd2 f5 14. Bb2 Bg7
15. h3 Nf6 16. Kd1 O-O-O 17. Kc2 Bd5 18. f3 Rhe8 19. Rad1 e4 20. Nd4 exf3 21.
gxf3 Nh5 22. Rhe1 Bxd4 23. cxd4 axb4 24. axb4 Nf4 25. Kc3 Nxh3 26. Nc4 Rxe1 27.
Nb6+ Kb7 28. Rxe1 Bxf3 29. Re7+ Ka6 30. Bc1 g5 31. Rxh7 g4 32. Rg7 Nf2 33. Bf4
Ne4+ 34. Kd3 Nf2+ 35. Kc3 Nd1+ 36. Kc4 Be2+ 37. Kb3 Rxd4 38. Nc8 Rd3+ 39. Kc2
Rc3+ 40. Kd2 Bf3 41. Be5 Rb3 42. Ra7+ Kb5 43. Rb7+ Ka4 44. Nb6+ Ka3 45. Nc4+
Ka4 46. Kc2 Ne3+ 47. Nxe3 Rxe3 48. Bc3 Be4+ 49. Kb2 Re2+ 50. Kc1 Rc2+ 51. Kd1
Rxc3 0-1

[Event "Liga Madrileña - DH 2011-2012"]
[Site "Madrid ESP"]
[Date "2012.02.12"]
[Round "10.36"]
[White "Aguado Solana, Juan"]
[Black "Mansilla Tolosa, Luis"]
[Result "1-0"]
[WhiteElo "2050"]
[BlackElo "2070"]
[PlyCount "135"]
[EventDate "2011.11.13"]
[EventType "team"]
[EventRounds "14"]
[EventCountry "ESP"]
[Source "lmi"]
[SourceDate "2011.11.13"]
[WhiteTeam "Blanco y Negro"]
[BlackTeam "Moratalaz"]
[WhiteTeamCountry "ESP"]
[BlackTeamCountry "ESP"]

1. e4 c6 2. Nf3 d5 3. Nc3 dxe4 4. Nxe4 Bf5 5. Ng3 Bg6 6. h4 h6 7. Ne5 Bh7 8.
Qf3 Nf6 9. Qb3 Qd5 10. Qxb7 Qxe5+ 11. Ne2 e6 12. d4 Qa5+ 13. Bd2 Qb6 14. Qxa8
Nd5 15. a4 Nc7 16. a5 Qxb2 17. Qxa7 Qxa1+ 18. Nc1 Kd7 19. Qxb8 Qxd4 20. Bd3
Bxd3 21. Nxd3 e5 22. O-O e4 23. Bf4 Bd6 24. Qxh8 exd3 25. Bxd6 d2 26. Bxc7 Kxc7
27. Rd1 Qe4 28. Rxd2 Qe1+ 29. Kh2 Qxd2 30. Qxg7 Qxa5 31. Qxf7+ Kb6 32. Qf6 Qd2
33. c3 Kb5 34. Qd4 Qe2 35. Qb4+ Ka6 36. Qc5 Qe4 37. g3 Qf3 38. Qe3 Qf5 39. Qf4
Qc2 40. Qf6 Kb5 41. g4 c5 42. g5 hxg5 43. hxg5 Qh7+ 44. Kg3 Qd3+ 45. Kg4 Qe2+
46. f3 Qg2+ 47. Kh5 Qh3+ 48. Kg6 Kc4 49. Kg7 Kd3 50. g6 Qd7+ 51. Qf7 Qd8 52. c4
Qd4+ 53. Kg8 Qd8+ 54. Qf8 Qg5 55. Qd6+ Kxc4 56. g7 Kb3 57. f4 Qh5 58. Qe6+ c4
59. f5 Kb2 60. Kf8 Qg5 61. g8=Q Qd8+ 62. Kg7 Qg5+ 63. Qg6 Qe7+ 64. Q8f7 Qb4 65.
Qg4 Qc3+ 66. Qf6 Qxf6+ 67. Kxf6 c3 68. Qb4+ 1-0

[Event "Liga Madrileña - DH 2011-2012"]
[Site "Madrid ESP"]
[Date "2012.02.12"]
[Round "10.41"]
[White "Moreno Trujillo, Alejandro"]
[Black "Anton Guijarro, David"]
[Result "0-1"]
[WhiteElo "2474"]
[BlackElo "2469"]
[PlyCount "92"]
[EventDate "2011.11.13"]
[EventType "team"]
[EventRounds "14"]
[EventCountry "ESP"]
[Source "lmi"]
[SourceDate "2011.11.13"]
[WhiteTeam "64 Villalba"]
[BlackTeam "Virgen de Atocha"]
[WhiteTeamCountry "ESP"]
[BlackTeamCountry "ESP"]

1. d4 Nf6 2. c4 e6 3. Nc3 Bb4 4. e3 b6 5. Nge2 Bb7 6. a3 Bd6 7. Nf4 Bxf4 8.
exf4 O-O 9. Be3 d5 10. c5 Nc6 11. b4 bxc5 12. bxc5 Ne7 13. Bd3 Ne4 14. Qc2 Qc8
15. f3 Nxc3 16. Qxc3 Ba6 17. Bc2 Bc4 18. Kf2 Qa6 19. Rab1 Rab8 20. g4 f6 21.
Rhe1 Nc6 22. Kg2 Rbd8 23. Bf2 Rde8 24. Bg3 Kh8 25. Re3 Re7 26. Rbe1 Rfe8 27.
Qd2 Qb5 28. Qc3 Qa6 29. h4 Bb5 30. h5 Ba4 31. Bd3 Bb5 32. Bc2 Ba4 33. Bb1 Qc4
34. Qxc4 dxc4 35. Bf2 Bb3 36. R3e2 a6 37. Be4 Na7 38. Bd5 Nb5 39. Bc6 Rd8 40.
d5 c3 41. dxe6 c2 42. Bxb5 axb5 43. Kf1 Bc4 44. f5 Rd2 45. Be3 c1=Q 46. Bxd2
Qxd2 0-1

[Event "Liga Madrileña - DH 2011-2012"]
[Site "Madrid ESP"]
[Date "2012.02.12"]
[Round "10.42"]
[White "Almagro Llamas, Pablo"]
[Black "Moreno Tejera, Emilio"]
[Result "1-0"]
[WhiteElo "2461"]
[BlackElo "2319"]
[PlyCount "65"]
[EventDate "2011.11.13"]
[EventType "team"]
[EventRounds "14"]
[EventCountry "ESP"]
[Source "lmi"]
[SourceDate "2011.11.13"]
[WhiteTeam "Virgen de Atocha"]
[BlackTeam "64 Villalba"]
[WhiteTeamCountry "ESP"]
[BlackTeamCountry "ESP"]

1. e4 e6 2. d4 d5 3. Nc3 dxe4 4. Nxe4 Nd7 5. Nf3 Ngf6 6. Bg5 Be7 7. Nxf6+ Bxf6
8. h4 c5 9. dxc5 Qa5+ 10. c3 Qxc5 11. Be3 Qc7 12. Ng5 Nb6 13. Bb5+ Bd7 14.
Bxd7+ Nxd7 15. Qh5 g6 16. Qf3 Bxc3+ 17. Kf1 Bf6 18. Rc1 Qd6 19. Ne4 Qa6+ 20.
Kg1 Bxb2 21. Rd1 O-O-O 22. Nd6+ Kb8 23. Nxf7 Ne5 24. Bf4 Rxd1+ 25. Qxd1 Rc8 26.
Nxe5 Ka8 27. Kh2 Qxa2 28. Qd7 Rf8 29. Rd1 a5 30. Qe7 Rxf4 31. Rd8+ Ka7 32. Qc5+
b6 33. Ra8+ 1-0

[Event "Liga Madrileña - DH 2011-2012"]
[Site "Madrid ESP"]
[Date "2012.02.12"]
[Round "10.43"]
[White "Renteria Becerra, Jorge Elicer"]
[Black "Rubio Mejia, Luis Ignacio"]
[Result "1/2-1/2"]
[WhiteElo "2328"]
[BlackElo "2439"]
[PlyCount "83"]
[EventDate "2011.11.13"]
[EventType "team"]
[EventRounds "14"]
[EventCountry "ESP"]
[Source "lmi"]
[SourceDate "2011.11.13"]
[WhiteTeam "64 Villalba"]
[BlackTeam "Virgen de Atocha"]
[WhiteTeamCountry "ESP"]
[BlackTeamCountry "ESP"]

1. e4 c5 2. Nf3 d6 3. d4 Nf6 4. Nc3 cxd4 5. Nxd4 a6 6. Bg5 e6 7. Qe2 Nbd7 8. f4
Qc7 9. O-O-O b5 10. a3 Bb7 11. g4 Be7 12. Bh4 h6 13. Bg2 g5 14. e5 dxe5 15.
fxe5 gxh4 16. exf6 Nxf6 17. Ncxb5 Qf4+ 18. Kb1 Bxg2 19. Qxg2 O-O 20. g5 hxg5
21. Rhf1 Qg4 22. Qb7 axb5 23. Rg1 Qh5 24. Qxe7 Nh7 25. Nxb5 Rae8 26. Qb4 Rd8
27. Rde1 Rd5 28. Nc3 Rd2 29. Ne4 Rd5 30. c4 Rf5 31. c5 Qf3 32. c6 Qd3+ 33. Ka1
Rb5 34. Qc3 Qxc3 35. Nxc3 Rc5 36. Ne4 Rxc6 37. Nxg5 Nxg5 38. Rxg5+ Kh7 39. Reg1
Kh6 40. R5g4 Kh5 41. Rg5+ Kh6 42. R5g4 1/2-1/2

[Event "Liga Madrileña - DH 2011-2012"]
[Site "Madrid ESP"]
[Date "2012.02.12"]
[Round "10.44"]
[White "Martinez Martin, David"]
[Black "Bolado Saez, Sergio"]
[Result "0-1"]
[WhiteElo "2395"]
[BlackElo "2361"]
[PlyCount "88"]
[EventDate "2011.11.13"]
[EventType "team"]
[EventRounds "14"]
[EventCountry "ESP"]
[Source "lmi"]
[SourceDate "2011.11.13"]
[WhiteTeam "Virgen de Atocha"]
[BlackTeam "64 Villalba"]
[WhiteTeamCountry "ESP"]
[BlackTeamCountry "ESP"]

1. e4 c6 2. d4 d5 3. e5 c5 4. c4 cxd4 5. Qxd4 Nc6 6. Qxd5 Bf5 7. Qxd8+ Rxd8 8.
Nf3 Nb4 9. Na3 e6 10. Be3 Nd3+ 11. Bxd3 Bxd3 12. O-O-O Bxa3 13. bxa3 Bxc4 14.
Rxd8+ Kxd8 15. Bxa7 Bxa2 16. Kb2 Bd5 17. Rc1 Bc6 18. Nd4 Ne7 19. Bc5 Nd5 20.
Nxc6+ bxc6 21. Kc2 Kc7 22. Rb1 Ra8 23. Bd6+ Kc8 24. Rb3 h5 25. Rg3 g6 26. Rb3
Nc7 27. Rf3 Nb5 28. Bc5 Ra4 29. Rxf7 Rc4+ 30. Kb3 Rxc5 31. f4 Rc3+ 32. Kb4 Rxa3
33. Kc5 Rc3+ 34. Kb6 Nd4 35. Rf6 Kd7 36. Rxg6 Nf5 37. Rg5 h4 38. Rh5 Rb3+ 39.
Kc5 Rb5+ 40. Kc4 Ne3+ 41. Kd3 Nxg2 42. Ke4 Rb4+ 43. Kf3 Nxf4 44. Rxh4 Nd3 0-1

[Event "Liga Madrileña - DH 2011-2012"]
[Site "Madrid ESP"]
[Date "2012.02.12"]
[Round "10.45"]
[White "Gongora Montes, Benjamin"]
[Black "Rabadan Velasco, Raul"]
[Result "1-0"]
[WhiteElo "2217"]
[BlackElo "2353"]
[PlyCount "71"]
[EventDate "2011.11.13"]
[EventType "team"]
[EventRounds "14"]
[EventCountry "ESP"]
[Source "lmi"]
[SourceDate "2011.11.13"]
[WhiteTeam "64 Villalba"]
[BlackTeam "Virgen de Atocha"]
[WhiteTeamCountry "ESP"]
[BlackTeamCountry "ESP"]

1. e4 e5 2. f4 d5 3. exd5 e4 4. d3 Nf6 5. dxe4 Nxe4 6. Be3 Qh4+ 7. g3 Nxg3 8.
Nf3 Qe7 9. hxg3 Qxe3+ 10. Qe2 Qxe2+ 11. Bxe2 Bc5 12. Nc3 Bf5 13. O-O-O O-O 14.
Nd4 Bd7 15. Bf3 Na6 16. d6 Rab8 17. dxc7 Nxc7 18. Rh5 Ne6 19. Nxe6 Be3+ 20. Kb1
Bxe6 21. Re5 Bb6 22. f5 Bc7 23. Rc5 Bb6 24. Re5 Bc4 25. b3 Ba6 26. Nd5 Bf2 27.
f6 Rfe8 28. Rg5 g6 29. Ne7+ Kh8 30. Rg4 Rbd8 31. Rh1 Rd4 32. Be4 h5 33. c4 Rd6
34. Bxg6 fxg6 35. Rxg6 Rxe7 36. fxe7 1-0

[Event "Liga Madrileña - DH 2011-2012"]
[Site "Madrid ESP"]
[Date "2012.02.12"]
[Round "10.46"]
[White "Rudolf, Anna"]
[Black "Bermejo Arruego, Luis"]
[Result "1-0"]
[WhiteElo "2352"]
[BlackElo "2171"]
[PlyCount "111"]
[EventDate "2011.11.13"]
[EventType "team"]
[EventRounds "14"]
[EventCountry "ESP"]
[Source "lmi"]
[SourceDate "2011.11.13"]
[WhiteTeam "Virgen de Atocha"]
[BlackTeam "64 Villalba"]
[WhiteTeamCountry "ESP"]
[BlackTeamCountry "ESP"]

1. e4 g6 2. d4 Bg7 3. Nf3 c5 4. dxc5 Qa5+ 5. c3 Qxc5 6. Na3 Nf6 7. Bd3 O-O 8.
O-O d6 9. h3 Nbd7 10. Nb5 b6 11. Be3 Qc6 12. Re1 a6 13. Nbd4 Qc7 14. Bg5 Bb7
15. Nb3 Rfe8 16. Qd2 Nc5 17. Nxc5 bxc5 18. Qf4 c4 19. Bf1 Rac8 20. Rad1 Nd7 21.
Bh6 e5 22. Qh4 Nb6 23. Be2 Bxh6 24. Qxh6 d5 25. exd5 Bxd5 26. Ng5 f6 27. Rxd5
Nxd5 28. Bxc4 Rcd8 29. Rd1 Qg7 30. Bxd5+ Rxd5 31. Qxg7+ Kxg7 32. Rxd5 fxg5 33.
Rd7+ Kg8 34. Kf1 Re6 35. Ke2 h5 36. b4 Rc6 37. Kd3 g4 38. hxg4 hxg4 39. a4 e4+
40. Kxe4 Rxc3 41. Rd6 Kg7 42. Kd4 Rc2 43. Ke3 g3 44. fxg3 Rxg2 45. Rxa6 Rxg3+
46. Kf4 Rb3 47. Rb6 Kh6 48. a5 Kh5 49. a6 g5+ 50. Ke4 Ra3 51. b5 Ra4+ 52. Kd5
g4 53. Rb8 Kg6 54. Kc6 Kf7 55. Rd8 g3 56. Rd2 1-0

[Event "Liga Madrileña - DH 2011-2012"]
[Site "Madrid ESP"]
[Date "2012.02.19"]
[Round "11.11"]
[White "Valles Moreno, Ivan"]
[Black "Granda Zuniga, Julio E"]
[Result "1-0"]
[WhiteElo "2391"]
[BlackElo "2636"]
[PlyCount "65"]
[EventDate "2011.11.13"]
[EventType "team"]
[EventRounds "14"]
[EventCountry "ESP"]
[Source "lmi"]
[SourceDate "2011.11.13"]
[WhiteTeam "Amigos del Retiro"]
[BlackTeam "Collado Villalba"]
[WhiteTeamCountry "ESP"]
[BlackTeamCountry "ESP"]

1. e4 c5 2. Nc3 Nc6 3. f4 e6 4. Nf3 Nge7 5. d4 cxd4 6. Nxd4 d5 7. Be3 Nxd4 8.
Qxd4 Nc6 9. Bb5 Bd7 10. Bxc6 bxc6 11. exd5 cxd5 12. O-O-O Qf6 13. Rhe1 Be7 14.
Qd2 Bc6 15. Bd4 Qg6 16. Re3 Bh4 17. Rf1 O-O 18. Rff3 Bf6 19. g4 Rfe8 20. g5 Be7
21. h4 a5 22. Ne2 Qh5 23. Rh3 Bb5 24. f5 Bd6 25. Nc3 Bd7 26. Be5 Bc5 27. Reg3
Bc6 28. Ne2 f6 29. Nf4 Qf7 30. gxf6 exf5 31. Rxg7+ Qxg7 32. fxg7 Rxe5 33. Nd3
1-0

[Event "Liga Madrileña - DH 2011-2012"]
[Site "Madrid ESP"]
[Date "2012.02.19"]
[Round "11.12"]
[White "Vazquez Igarza, Renier"]
[Black "Vallejo Diaz, Javier"]
[Result "1/2-1/2"]
[WhiteElo "2566"]
[BlackElo "2367"]
[PlyCount "139"]
[EventDate "2011.11.13"]
[EventType "team"]
[EventRounds "14"]
[EventCountry "ESP"]
[Source "lmi"]
[SourceDate "2011.11.13"]
[WhiteTeam "Collado Villalba"]
[BlackTeam "Amigos del Retiro"]
[WhiteTeamCountry "ESP"]
[BlackTeamCountry "ESP"]

1. d4 d5 2. c4 c6 3. Nc3 Nf6 4. Nf3 dxc4 5. a4 Bf5 6. Ne5 Nbd7 7. Nxc4 Nd5 8.
f3 e5 9. e4 Nxc3 10. bxc3 Be6 11. Ne3 f6 12. a5 Qc7 13. Bc4 Bxc4 14. Nxc4 exd4
15. cxd4 Bb4+ 16. Ke2 Be7 17. Qb3 c5 18. Be3 cxd4 19. Bxd4 Nc5 20. Qb5+ Kf7 21.
Rac1 Ne6 22. Be3 Rad8 23. Nb6 Nf4+ 24. Bxf4 Qxf4 25. Nd5 Qg5 26. g3 Rhe8 27.
Rhd1 Qh5 28. h4 Bd6 29. Qxb7+ Kf8 30. Ne3 Rb8 31. Qd5 Rb2+ 32. Rc2 Rxc2+ 33.
Nxc2 Qxd5 34. Rxd5 Bxg3 35. h5 Re5 36. Nb4 Rxd5 37. Nxd5 Ke8 38. f4 Kf7 39. a6
g6 40. Kf3 Be1 41. hxg6+ hxg6 42. f5 Ba5 43. Kg4 Bd2 44. fxg6+ Kxg6 45. Ne7+
Kf7 46. Nc6 Be3 47. Kf5 Bb6 48. Nb4 Bc5 49. Nd5 Bd4 50. Nb4 Bc5 51. Nd3 Bd4 52.
Nf4 Be3 53. Ne2 Bb6 54. Nc3 Bd4 55. Nb5 Bc5 56. e5 fxe5 57. Kxe5 Ke7 58. Kd5
Bb6 59. Kc6 Kd8 60. Kb7 Kd7 61. Nc3 Bg1 62. Ne4 Bd4 63. Nd2 Be3 64. Nf3 Bf2 65.
Ne5+ Kd6 66. Nc6 Kd7 67. Nxa7 Bxa7 68. Kxa7 Kc7 69. Ka8 Kc8 70. Ka7 1/2-1/2